Statistics for Current Top FIFA Ranked Nations (Women)

Click here to take the quiz!

General Stats

  • This quiz has been taken 51 times
    (6 since last reset)
  • The average score is 30 of 51

Answer Stats

Overall Ranking Answer % Correct
2ndGermany
100%
8thAustralia
100%
7thBrazil
100%
3rdFrance
100%
35thArgentina
100%
5thCanada
100%
1stUSA
100%
9thNetherlands
100%
6thJapan
100%
12thSpain
100%
14thNorway
100%
16thItaly
100%
17thChina
100%
39thChile
75%
46thGhana
75%
20thNew Zealand
75%
26thColombia
75%
38thNigeria
75%
10thKorea DPR
75%
15thKorea Republic
75%
72ndUruguay
75%
25thMexico
75%
4thEngland
75%
11thSweden
75%
51stSouth Africa
75%
42ndChinese Taipei
50%
13thDenmark
50%
86thBolivia
50%
58thVenezuela
50%
64thPeru
50%
62ndEcuador
50%
48thCameroon
50%
68thIvory Coast
50%
33rdCosta Rica
50%
50thTrinidad & Tobago
50%
18thSwitzerland
50%
85thCuba
50%
48thParaguay
50%
28thThailand
25%
37thVietnam
25%
67thHaiti
25%
71stJamaica
25%
82ndSenegal
25%
98thDominican Republic
25%
41stUzbekistan
0%
83rdGuyana
0%
86thMali
0%
79thAlgeria
0%
78thMorocco
0%
55thEquatorial Guinea
0%
44thMyanmar
0%

Score Distribution

Percentile by Number Answered

Percent of People with Each Score

Your Score History

You have not taken this quiz since the last reset